Planeamiento óptimo en la industria de la fruta /

Guardado en:
Otros Autores: Catalá, Luis Pedro. (Disertante), Bandoni, José Alberto. (Orientador), Blanco, Aníbal Manuel. (Orientador)
Formato: Manuscrito
Idioma:Spanish
Publicado: 2014.
Materias:
Etiquetas: Agregar Etiqueta
Sin Etiquetas, Sea el primero en etiquetar este registro!
LEADER 00904ntm a22002175a 4500
001 EIQ.libpla004486
008 140827s2014####xx#a#####bm###000#0#spa#d
005 20140827111217.0
245 1 0 |a Planeamiento óptimo en la industria de la fruta /  |c Luis Pedro Catalá. 
260 |c 2014. 
300 |a xxii, 204 p. :  |b il. ;  |c 21 cm. 
502 |a Tesis (doctorado)--Universidad Nacional del Sur. Departamento de Ingeniería Química, 2014. 
500 |a Directores de tesis: Dr. J. Alberto Bandoni y Dr. Aníbal M. Blanco. 
504 |a Incluye referencias bibliográficas(p.197-204). 
100 1 |a Catalá, Luis Pedro.  |4 dis 
700 1 |a Bandoni, José Alberto.  |4 ths 
710 2 |a Universidad Nacional del Sur.  |4 dgg 
700 1 |a Blanco, Aníbal Manuel.  |4 ths 
650 7 |a Planeamiento óptimo  |x Industria de la fruta 
650 7 |a Optimal planning  |x Fruit industry 
859 |a AR-BbSID  |b BIB. PLAPIQUI  |h 660.2815  |i C28  |p 6369